000 00359nam a2200145Ia 4500
003 OSt
005 20240309122859.0
008 170524s9999 xx 000 0 und d
020 _a9789382332596
040 _cIIMTU MEERUT
100 _aPUHAGIN- R.P.
245 0 _aLINEAR INTEGRATED CIRCUITS AND APPLICATIONS
260 _bI.K. INTERNATIONAL
942 _2ddc
_c02
999 _c7709
_d7709